Countries Starting with N and their Capitals - Statistics

General Stats
  • This quiz has been taken 81 times
  • The average score is 17 of 21
Answer Stats
Country % Correct
Niger
91%
Nigeria
91%
Amsterdam
89%
Nauru
89%
Netherlands
89%
Namibia
88%
New Zealand
88%
North Korea
88%
Norway
86%
Oslo
86%
Nicaragua
85%
Pyongyang
82%
Nepal
80%
Wellington
77%
Windhoek
75%
Kathmandu
72%
Managua
72%
Abuja
69%
Niamey
69%
Skopje
69%
Yaren
55%
No matching quizzes found
Score Distribution
Percent of People with Each Score
Percentile by Number Answered
Your Score History
You have not taken this quiz